California Representatives by Picture - Statistics

General Stats
  • This quiz has been taken 29 times
  • The average score is 19 of 51
Answer Stats
Picture Hint Answer % Correct
(D CA-12) Speaker of the House Nancy Pelosi
100%
(R CA-23) House Minority Leader Kevin McCarthy
94%
(D CA-28) Adam Schiff
82%
(D CA-43) Maxine Waters
82%
(D CA-15) Eric Swalwell
71%
(D CA-17) Ro Khanna
65%
(D CA-33) Ted Lieu
65%
(R CA-22) Devin Nunes
59%
(D CA-45) Katie Porter
59%
(D CA-41) Mark Takano
53%
(D CA-6) Doris Matsui
47%
(R CA-1) Doug LaMalfa
47%
(D CA-10) Josh Harder
47%
(D CA-37) Karen Bass
47%
(D CA-7) Ami Bera
41%
(D CA-13) Barbara Lee
41%
(D CA-14) Jackie Speier
41%
(D CA-27) Judy Chu
41%
(D CA-11) Mark DeSaulnier
41%
(D CA-30) Brad Sherman
35%
(D CA-2) Jared Huffman
35%
(D CA-44) Nanette Barragán
35%
(D CA-21) TJ Cox
35%
(R CA-4) Tom McClintok
35%
(D CA-19) Zoe Lofgren
35%
(D CA-18) Anna Eshoo
29%
(D CA-39) Gilbert Ray Cisneros
29%
(D CA-32) Grace Napolitano
29%
(D CA-34) Jimmy Gomez
29%
(D CA-51) Juan Vargas
29%
(D CA-26) Julia Brownley
24%
(R CA-42) Ken Calvert
24%
(D CA-40) Lucille Roybal-Allard
24%
(D CA-46) Luis Correa
24%
(D CA-49) Mike Levin
24%
(D CA-5) Mike Thompson
24%
(D CA-35) Norma Torres
24%
(D CA-31) Pete Aguilar
24%
(D CA-36) Raul Ruiz
24%
(D CA-24) Salud Carbajal
24%
(D CA-47) Alan Lowenthal
18%
(D CA-48) Harley Rouda
18%
(D CA-20) Jimmy Panetta
18%
(D CA-3) John Garamendi
18%
(D CA-38) Linda Sánchez
18%
(D CA-52) Scott Peters
18%
(D CA-9) Jerry McNerney
12%
(R CA-8) Paul Cook
12%
(D CA-16) Jim Costa
6%
(D CA-53) Susan Davis
6%
(D CA-29) Tony Cárdenas
6%
No matching quizzes found
Score Distribution
Percent of People with Each Score
Percentile by Number Answered
Your Score History
You have not taken this quiz